| 000 | 01813nam2a2200301 i 4500 | ||
|---|---|---|---|
| 001 | RU\NLR\BIBL_A\010952885 | ||
| 005 | 20240921172207.0 | ||
| 021 |
_aRU _b2015-98987 _96158 |
||
| 035 | _a(NLR Aleph) 010952885 | ||
| 090 |
_a10783198 _c10783198 |
||
| 100 | _a20160122d2015 u y0rusy50 ca | ||
| 101 | 0 | _arus | |
| 102 | _aRU | ||
| 105 | _aa b 000yy | ||
| 200 | 1 |
_aЛинии генетической коллекции льна в условиях длинного и короткого дня _f[сост.: д.б.н. Н.Б. Брач и др.] |
|
| 210 | _d2015 | ||
| 215 |
_a68, [1] с. _cил. |
||
| 320 | _aБиблиогр.: с. 66-68 (34 назв.) | ||
| 461 | 0 |
_1001RU\NLR\bibl\166215 _12001#$aКаталог мировой коллекции ВИР$fРос. акад. с.-х. наук, Гос. науч. центр Рос. Федерации, ВНИИ растениеводства им. Н.И. Вавилова (ВИР)$vВып. 822 _9938135 _aВсероссийский НИИ растениеводства им. Н. И. Вавилова (Санкт-Петербург) _cСПб. _d2000 _fРос. акад. с.-х. наук, Гос. науч. центр Рос. Федерации, ВНИИ растениеводства им. Н.И. Вавилова (ВИР) _nВИР _tКаталог мировой коллекции ВИР _vВып. 822 |
|
| 606 | 1 |
_aЛён _jКаталоги _xФотопериодизм _xВлияние длинного дня _92267781 _3RU\NLR\AUTH\6601588690 |
|
| 606 | 1 |
_aЛён _jКаталоги _xГенотипы _xКоллекции _92267785 _3RU\NLR\AUTH\6601588692 |
|
| 686 | 1 | _aП216.1-271.2я26 | |
| 686 | 1 | _aП216.1-31я26 | |
| 702 | 1 |
_aБрач _bН. Б. _gНина Борисовна _4220 |
|
| 942 | _cBOOK | ||
| 980 | _aNBR | ||